000 00380nam a2200145Ia 4500
008 230917s9999||||xx |||||||||||||| ||und||
040 _e28239
_aMAIN
041 _aEnglish
082 _a810.9 M896O
100 _aMukherjee, Arun
245 0 _aOppositional aesthetics: Readings from a hyphenated space
260 _aToronto
_bT S A R
_c1994
300 _axvi, 189 p.
942 _cBK
999 _c92362
_d92362